Statystyki dla Najwięcej bramek w polskiej rep. piłki nożnej

Kliknij tutaj aby rozwiązać quiz!

Ogólne statystyki

  • Ten quiz został rozwiązany 403 razy
  • Średni wynik to 6 z 10

Statystyki odpowiedzi

Liczba goliPiłkarz% Poprawnych
61Robert Lewandowski
100%
45Grzegorz Lato
79%
21Jakub Błaszczykowski
73%
24Zbigniew Boniek
73%
41Kazimierz Deyna
72%
48Włodzimierz Lubański
58%
32Andrzej Szarmach
38%
39Ernest Pohl
25%
21Ernest Wilimowski
24%
27Gerard Cieślik
19%

Rozkład punktacji

Percentyl według liczby udzielonych odpowiedzi

Procent ludzi z każdym wynikiem

Twoja historia wyników

Nie rozwiązałeś tego quizu